000 00770nam a2200229 a 4500
001 13034
003 BD-JhCC
005 20230614105530.0
008 230614s20202018bg a|||| |||| 000 0 ben d
020 _a9789849312970
035 _a(BD-JhCC)13034
040 _aBD-JhCC
_dBD-JhCC
041 _aben
082 _a393.30932
_bROY 2020
100 _aরায়, ভবেশ
245 _aমমিপিডিয়া /
_cভবেশ রায়
260 _aঢাকা :
_bঅনুপম প্রকাশনী,
_c২০২০
300 _a১২৭ পৃ. :
_bচিত্রাবলী সংযোজিত,
_c২২ সেমি.
504 _aগ্রন্থপঞ্জি সংযোজিত,
650 _aMummies
_zEgypt
942 _2ddc
_cBK
999 _c13034
_d13034